[Event "POL-chT Academic"]
[Site "Chorzow"]
[Date "2021.05.16"]
[Round "6.17"]
[White "Rykala, Monika"]
[Black "Wyczling, Bartosz"]
[Result "1-0"]
[WhiteElo "1883"]
[BlackElo "2127"]
[PlyCount "130"]
[EventDate "2021.05.15"]
[EventType "team-swiss (rapid)"]
[EventRounds "9"]
[EventCountry "POL"]
[SourceTitle "CBM 202 Extra"]
[Source "ChessBase"]
[SourceDate "2021.07.31"]
[SourceVersion "1"]
[SourceVersionDate "2021.07.31"]
[SourceQuality "1"]
[WhiteTeam "Torun Kopernik Univ"]
[BlackTeam "Gdansk Univ"]
[WhiteTeamCountry "POL"]
[BlackTeamCountry "POL"]

1. d4 d5 2. e3 Bf5 3. Nf3 c6 4. b3 Nf6 5. Bb2 e6 6. Bd3 Bg6 7. 0-0 Bd6 8. Nbd2 Ne4 9. h3 f5 10. Ne5 0-0 11. Bxe4 fxe4 12. Nxg6 hxg6 13. Qg4 Rf5 14. f3 exf3 15. Nxf3 Qf6 16. Nh4 Nd7 17. Nxg6 Re8 18. Nh4 Rg5 19. Rxf6 Rxg4 20. hxg4 Nxf6 21. g5 Ng4 22. Bc1 Be7 23. Nf3 Rf8 24. Bd2 Rf5 25. Rd1 Bxg5 26. e4 Bxd2 27. exf5 Be3+ 28. Kf1 exf5 29. Ke2 Bf4 30. c4 dxc4 31. bxc4 Ne3 32. Rb1 b6 33. g3 Bh6 34. c5 b5 35. Ne5 Nd5 36. Kd3 Ne7 37. Re1 Bg5 38. a4 bxa4 39. Ra1 Bf6 40. Rxa4 Bxe5 41. dxe5 Kf7 42. Rxa7 Ke6 43. Kd4 g6 44. Ra8 Nd5 45. Rg8 Kf7 46. Rc8 Ne7 47. Ra8 Ke6 48. Ra7 Nd5 49. Rg7 Ne7 50. Kd3 Kd7 51. Kc4 Ke6 52. Kb3 g5 53. Kc4 g4 54. Kd4 Kd7 55. Rf7 Ke6 56. Rf6+ Kd7 57. Rf7 Ke6 58. Rh7 Kd7 59. Rxe7+ Kxe7 60. Ke3 Ke6 61. Kf4 Kd5 62. Kxf5 Kxc5 63. e6 Kd6 64. Kf6 c5 65. e7 Kd7 1-0

[Event "POL-ch U18"]
[Site "Szklarska Poreba"]
[Date "2019.03.15"]
[Round "8"]
[White "Szpar, Milosz"]
[Black "Wyczling, Bartosz"]
[Result "1-0"]
[WhiteElo "2311"]
[BlackElo "2215"]
[PlyCount "63"]
[EventDate "2019.03.09"]
[EventType "swiss"]
[EventRounds "9"]
[EventCountry "POL"]
[SourceTitle "CBM 189 Extra"]
[Source "ChessBase"]
[SourceDate "2019.06.03"]
[SourceVersion "1"]
[SourceVersionDate "2019.06.03"]
[SourceQuality "1"]

1. e4 c5 2. Nf3 Nc6 3. Bb5 g6 4. 0-0 Nf6 5. Re1 Bg7 6. c3 0-0 7. d4 d5 8. e5 Ne4 9. Nbd2 Qb6 10. Bxc6 bxc6 11. Nxe4 dxe4 12. dxc5 Qxc5 13. Rxe4 Bf5 14. Be3 Qa5 15. Qa4 Qc7 16. Rc4 Rfc8 17. Rc5 Rab8 18. b3 Bd3 19. Re1 e6 20. Qh4 Bf8 21. b4 Rb5 22. Rxb5 cxb5 23. Bd4 Qc4 24. a3 Qb3 25. g4 Qxa3 26. Ng5 h6 27. Nxf7 Kxf7 28. Qf6+ Ke8 29. Qxe6+ Kd8 30. Qd5+ Kc7 31. e6 Bc4 32. Qd7+ 1-0

[Event "POL-ch U18"]
[Site "Szklarska Poreba"]
[Date "2019.03.12"]
[Round "5"]
[White "Wyczling, Bartosz"]
[Black "Kaminski, Maciej1111"]
[Result "1-0"]
[WhiteElo "2215"]
[BlackElo "1796"]
[PlyCount "75"]
[EventDate "2019.03.09"]
[EventType "swiss"]
[EventRounds "9"]
[EventCountry "POL"]
[SourceTitle "CBM 189 Extra"]
[Source "ChessBase"]
[SourceDate "2019.06.03"]
[SourceVersion "1"]
[SourceVersionDate "2019.06.03"]
[SourceQuality "1"]

1. d4 Nf6 2. c4 e6 3. Nc3 Bb4 4. Qc2 d5 5. cxd5 Qxd5 6. Nf3 Qf5 7. Qb3 Nc6 8. Bd2 0-0 9. e3 Bd6 10. Be2 Ne4 11. g4 Nxd2 12. Nxd2 Qg5 13. Nde4 Qe7 14. g5 b6 15. a3 Bb7 16. Rg1 Rfd8 17. Qc2 g6 18. Rg4 h5 19. Rh4 Kg7 20. Nf6 Rh8 21. 0-0-0 Nb8 22. e4 c5 23. e5 Bc7 24. Nb5 Na6 25. Kb1 cxd4 26. Rhxd4 Rhd8 27. Rd7 Qc5 28. Qxc5 Nxc5 29. Rxc7 Ba6 30. Rxd8 Rxd8 31. Nd6 Rf8 32. Bxa6 Nxa6 33. Rxa7 Nc5 34. Kc2 b5 35. b4 Na4 36. Nde8+ Kh8 37. Rxa4 bxa4 38. b5 1-0

[Event "POL-chT 2nd League"]
[Site "Jastrzebia Gora"]
[Date "2018.09.04"]
[Round "4.11"]
[White "Wyczling, Bartosz"]
[Black "Kasperek, Ryszard"]
[Result "1-0"]
[WhiteElo "2216"]
[BlackElo "2172"]
[PlyCount "109"]
[EventDate "2018.09.01"]
[EventType "team-swiss"]
[EventRounds "9"]
[EventCountry "POL"]
[SourceTitle "CBM 186 Extra"]
[Source "ChessBase"]
[SourceDate "2018.08.24"]
[SourceVersion "1"]
[SourceVersionDate "2018.08.24"]
[SourceQuality "1"]
[WhiteTeam "Gdansk Korona"]
[BlackTeam "Debica Gryf"]
[WhiteTeamCountry "POL"]
[BlackTeamCountry "POL"]

1. d4 Nf6 2. c4 e6 3. Nc3 Bb4 4. Qc2 c5 5. dxc5 0-0 6. a3 Bxc5 7. Nf3 b6 8. Bf4 Bb7 9. e3 Nh5 10. Bg5 Be7 11. Bxe7 Qxe7 12. Be2 Nf6 13. 0-0 Nc6 14. Rfd1 Rac8 15. e4 d6 16. b4 Rfd8 17. Qb3 Nb8 18. e5 dxe5 19. Nxe5 Qc7 20. f4 a6 21. Na4 Nc6 22. Qe3 Nxe5 23. fxe5 Qc6 24. Rxd8+ Rxd8 25. Bf3 Qxa4 26. Qxb6 Rf8 27. Qxb7 Ne8 28. Bc6 Qb3 29. Bxe8 Rxe8 30. Rf1 Rf8 31. Qxa6 Qe3+ 32. Kh1 Qe2 33. Rg1 h5 34. Qc6 h4 35. h3 Rd8 36. c5 Qxe5 37. Qf3 Rd2 38. Rf1 f6 39. Rb1 Rc2 40. a4 Rc3 41. Qg4 g5 42. Rf1 Kg7 43. b5 Kg6 44. b6 f5 45. Qb4 g4 46. b7 gxh3 47. Qxc3 Qxc3 48. b8Q hxg2+ 49. Kxg2 Qd2+ 50. Kg1 Qe3+ 51. Rf2 Qe1+ 52. Kg2 h3+ 53. Kxh3 Qxf2 54. Qg3+ Qxg3+ 55. Kxg3 1-0

[Event "Warsaw Najdorf Memorial op-A 16th"]
[Site "Warsaw"]
[Date "2018.07.09"]
[Round "2"]
[White "Nurkiewicz, Maciej"]
[Black "Wyczling, Bartosz"]
[Result "1-0"]
[WhiteElo "2368"]
[BlackElo "2262"]
[PlyCount "95"]
[EventDate "2018.07.08"]
[EventType "swiss"]
[EventRounds "9"]
[EventCountry "POL"]
[SourceTitle "CBM 185 Extra"]
[Source "ChessBase"]
[SourceDate "2018.07.29"]
[SourceVersion "1"]
[SourceVersionDate "2018.07.29"]
[SourceQuality "1"]

1. e4 c5 2. Nf3 g6 3. d4 cxd4 4. Nxd4 Nc6 5. Nc3 Bg7 6. Be3 Nf6 7. Bc4 0-0 8. Bb3 a5 9. 0-0 a4 10. Nxa4 Nxe4 11. Nb5 Ra6 12. c4 d6 13. Qe2 Nf6 14. Rfd1 Bd7 15. c5 d5 16. Nb6 e6 17. Bf4 Ne8 18. Rac1 Na5 19. Ba4 Bxb5 20. Bxb5 Rxb6 21. cxb6 Qxb6 22. Bxe8 Rxe8 23. Rxd5 Qxb2 24. Re1 Qxe2 25. Rxe2 Nc6 26. Rd7 b5 27. Red2 Bf6 28. Rb7 b4 29. h3 Ra8 30. Rb6 Ne7 31. g4 Bc3 32. Rd7 Nd5 33. Rb8+ Rxb8 34. Bxb8 Kg7 35. Kg2 g5 36. Kf3 Kg6 37. Rb7 h6 38. Bd6 Kf6 39. Ke4 Kg6 40. f3 Kf6 41. Rb5 Kg6 42. Rxd5 exd5+ 43. Kxd5 Kf6 44. Kc4 Ke6 45. Bxb4 Be5 46. a4 Bb8 47. Bc3 f6 48. a5 1-0

[Event "POL-ch U16 rapid"]
[Site "Wroclaw"]
[Date "2017.08.07"]
[Round "7"]
[White "Psyk, Radoslaw"]
[Black "Wyczling, Bartosz"]
[Result "1-0"]
[WhiteElo "2034"]
[BlackElo "2025"]
[PlyCount "87"]
[EventDate "2017.08.06"]
[EventType "swiss (rapid)"]
[EventRounds "11"]
[EventCountry "POL"]
[SourceTitle "CBM 180 Extra"]
[Source "ChessBase"]
[SourceDate "2017.10.06"]
[SourceVersion "1"]
[SourceVersionDate "2017.10.06"]
[SourceQuality "1"]

1. e4 c5 2. Nf3 g6 3. c3 Bg7 4. d4 cxd4 5. cxd4 d5 6. e5 Nc6 7. Nc3 Bg4 8. Bb5 Nh6 9. 0-0 0-0 10. Bxc6 bxc6 11. h3 Bxf3 12. Qxf3 Nf5 13. Rd1 Rb8 14. b3 Rb4 15. Be3 f6 16. e6 Qc8 17. Na4 Qxe6 18. Nc5 Qc8 19. Rac1 Nd6 20. a3 Rb6 21. Qe2 e5 22. dxe5 fxe5 23. Bg5 Nf5 24. b4 h6 25. Be3 Nxe3 26. fxe3 Qe8 27. e4 d4 28. Na4 Rb8 29. Qa6 Qf7 30. Rf1 Qb3 31. Qxc6 Kh7 32. Nc5 Rxf1+ 33. Rxf1 Qe3+ 34. Kh1 d3 35. Qd7 d2 36. Ne6 Rg8 37. Rf7 d1Q+ 38. Qxd1 h5 39. Qd7 Qh6 40. h4 Kh8 41. Ng5 a6 42. Rf1 Rf8 43. Rxf8+ Bxf8 44. Nf7+ 1-0

[Event "POL-ch U16 rapid"]
[Site "Wroclaw"]
[Date "2017.08.07"]
[Round "9"]
[White "Wyczling, Bartosz"]
[Black "Pacan Milej, Kosma"]
[Result "1/2-1/2"]
[WhiteElo "2025"]
[BlackElo "1851"]
[PlyCount "74"]
[EventDate "2017.08.06"]
[EventType "swiss (rapid)"]
[EventRounds "11"]
[EventCountry "POL"]
[SourceTitle "CBM 180 Extra"]
[Source "ChessBase"]
[SourceDate "2017.10.06"]
[SourceVersion "1"]
[SourceVersionDate "2017.10.06"]
[SourceQuality "1"]

1. d4 d5 2. c4 c6 3. Nc3 Nf6 4. Bg5 Ne4 5. Nxe4 dxe4 6. Qd2 Bf5 7. e3 Nd7 8. Ne2 f6 9. Bh4 e6 10. Nc3 Bd6 11. Be2 0-0 12. f3 exf3 13. gxf3 Qe7 14. Bd3 Bxd3 15. Qxd3 Rfd8 16. 0-0-0 e5 17. Kb1 Qf7 18. Ne4 Be7 19. Qc3 exd4 20. exd4 Nf8 21. Bg3 Rd7 22. Rhe1 Rad8 23. c5 Ne6 24. Nd6 Bxd6 25. Bxd6 Nc7 26. a4 Nd5 27. Qd2 Qg6+ 28. Ka1 Qf5 29. Qe2 Nb4 30. Qc4+ Nd5 31. Qb3 Kf7 32. Re4 h6 33. Rde1 Kg6 34. Rg4+ Kh7 35. Rge4 Kg6 36. Rg4+ Kh7 37. Rge4 Kg6 1/2-1/2

[Event "POL-ch U16 rapid"]
[Site "Wroclaw"]
[Date "2017.08.06"]
[Round "2"]
[White "Wyczling, Bartosz"]
[Black "Golenia, Jan"]
[Result "1/2-1/2"]
[WhiteElo "2025"]
[BlackElo "1986"]
[PlyCount "127"]
[EventDate "2017.08.06"]
[EventType "swiss (rapid)"]
[EventRounds "11"]
[EventCountry "POL"]
[SourceTitle "CBM 180 Extra"]
[Source "ChessBase"]
[SourceDate "2017.10.06"]
[SourceVersion "1"]
[SourceVersionDate "2017.10.06"]
[SourceQuality "1"]

1. d4 d5 2. c4 e6 3. Nc3 Nf6 4. cxd5 exd5 5. Bg5 Be7 6. Qc2 c6 7. e3 Bg4 8. Bd3 Nbd7 9. Nge2 0-0 10. 0-0 Bh5 11. Nf4 Bg6 12. Nxg6 fxg6 13. Rab1 Kh8 14. b4 a6 15. a4 b5 16. Ne2 Qb6 17. Nf4 Bd6 18. Rfc1 Rac8 19. h4 Rfe8 20. Nh3 Ne4 21. Bf4 Bf8 22. Bxe4 Rxe4 23. h5 gxh5 24. Ng5 Nf6 25. Be5 h6 26. Nxe4 Nxe4 27. f3 Ng5 28. a5 Qb7 29. Qg6 Nf7 30. Qxh5 Nxe5 31. Qxe5 Qd7 32. Kf2 Re8 33. Qg3 Qe6 34. f4 Be7 35. Qf3 Rf8 36. Rh1 Kg8 37. g4 Bd6 38. f5 Qe7 39. Rbc1 Qd7 40. Rb1 Qe7 41. Rhc1 Qd7 42. Ke2 Be7 43. Rb3 Bg5 44. Kd3 Re8 45. Re1 Qd6 46. Kc2 Qh2+ 47. Re2 Qd6 48. Kb2 Re4 49. Ka3 Bd8 50. Ka2 Bg5 51. Rc2 Kh7 52. Ka3 Bd8 53. Rc5 Be7 54. Rbc3 Qc7 55. f6 gxf6 56. Qf5+ Kg7 57. Qxd5 Bxc5 58. Qxc5 Qe7 59. Qxc6 Rxe3 60. d5 Qe5 61. Rxe3 Qxe3+ 62. Kb2 Qd2+ 63. Kb3 Qd3+ 64. Kb2 1/2-1/2

[Event "POL-chT U20 1st League"]
[Site "Szczyrk"]
[Date "2017.07.26"]
[Round "5.26"]
[White "Kaminski, Piotr1111"]
[Black "Wyczling, Bartosz"]
[Result "0-1"]
[WhiteElo "1767"]
[BlackElo "2038"]
[PlyCount "36"]
[EventDate "2017.07.22"]
[EventType "team-tourn"]
[EventRounds "9"]
[EventCountry "POL"]
[SourceTitle "EXT 2019"]
[Source "ChessBase"]
[SourceDate "2018.10.10"]
[SourceVersion "1"]
[SourceVersionDate "2018.10.10"]
[SourceQuality "1"]

1. e4 c5 2. Nf3 Nc6 3. Bb5 g6 4. Bxc6 dxc6 5. h3 Bg7 6. Nc3 Nf6 7. d3 0-0 8. Be3 b6 9. Qd2 e5 10. a3 Qd6 11. 0-0 Nh5 12. b4 cxb4 13. axb4 Be6 14. Ra4 f5 15. Rfa1 Rfb8 16. Rxa7 Rxa7 17. Rxa7 f4 18. Bxb6 Rxb6 0-1

[Event "POL-chT U20 1st League"]
[Site "Szczyrk"]
[Date "2017.07.23"]
[Round "2.8"]
[White "Kasprzyk, Maciej"]
[Black "Wyczling, Bartosz"]
[Result "0-1"]
[WhiteElo "1547"]
[BlackElo "2038"]
[PlyCount "72"]
[EventDate "2017.07.22"]
[EventType "team-tourn"]
[EventRounds "9"]
[EventCountry "POL"]
[SourceTitle "EXT 2019"]
[Source "ChessBase"]
[SourceDate "2018.10.10"]
[SourceVersion "1"]
[SourceVersionDate "2018.10.10"]
[SourceQuality "1"]

1. Nf3 c5 2. b3 d6 3. e3 Nc6 4. Bb2 e5 5. c4 Bg4 6. Nc3 f5 7. Be2 Nf6 8. d3 Qd7 9. h3 Bh5 10. Nxe5 dxe5 11. Bxh5+ Nxh5 12. Qxh5+ g6 13. Qe2 Nb4 14. d4 cxd4 15. exd4 0-0-0 16. d5 Bg7 17. a3 Na6 18. b4 Nc7 19. 0-0 g5 20. Qe3 Kb8 21. Qxg5 h5 22. Rad1 Bh6 23. Qf6 Bg7 24. Qg6 Rdf8 25. Na4 Rh6 26. Nc5 Qe7 27. Qg3 f4 28. Qf3 Ne8 29. d6 Nxd6 30. Rfe1 Re8 31. Qc3 Rg6 32. Ne4 Nf5 33. c5 Nh4 34. g3 Rf8 35. Kh1 Qe6 36. gxh4 f3 0-1

[Event "Rubinstein Memorial 52nd"]
[Site "Polanica Zdroj"]
[Date "2016.08.20"]
[Round "1"]
[White "Wyczling, Bartosz"]
[Black "Kowalczyk, Rafal"]
[Result "0-1"]
[WhiteElo "1974"]
[BlackElo "2215"]
[PlyCount "82"]
[EventDate "2016.08.20"]
[EventType "swiss"]
[EventRounds "10"]
[EventCountry "POL"]
[SourceTitle "CBM 174 Extra"]
[Source "ChessBase"]
[SourceDate "2016.10.10"]
[SourceVersion "1"]
[SourceVersionDate "2016.10.10"]
[SourceQuality "1"]

1. d4 Nf6 2. c4 e6 3. Nc3 Bb4 4. Qc2 d6 5. Bg5 Nbd7 6. e3 b6 7. Bd3 Bb7 8. f3 h6 9. Bh4 c5 10. Nge2 cxd4 11. exd4 g5 12. Bg3 d5 13. 0-0 Rc8 14. Nb5 a6 15. Nd6+ Bxd6 16. Bxd6 dxc4 17. Be4 Bc6 18. Rad1 b5 19. Kh1 Bd5 20. Ng3 Qb6 21. Be5 Nxe5 22. dxe5 Bxe4 23. Nxe4 Nxe4 24. Qxe4 Qc6 25. Qe3 Qc5 26. Qe4 b4 27. f4 c3 28. bxc3 bxc3 29. Qa4+ Qb5 30. Qc2 gxf4 31. Rxf4 Qxe5 32. Re4 Qf5 33. Qd3 0-0 34. Qd4 Kh7 35. Rf4 e5 36. Rxf5 exd4 37. Rf3 Rb8 38. Kg1 c2 39. Rc1 Rb1 40. Rff1 Rxc1 41. Rxc1 d3 0-1

[Event "POL-ch U16"]
[Site "Szklarska Poreba"]
[Date "2016.03.14"]
[Round "2"]
[White "Koziol, Kamil"]
[Black "Wyczling, Bartosz"]
[Result "1-0"]
[WhiteElo "2258"]
[BlackElo "1959"]
[PlyCount "135"]
[EventDate "2016.03.13"]
[EventType "swiss"]
[EventRounds "9"]
[EventCountry "POL"]
[SourceTitle "EXT 2018"]
[Source "ChessBase"]
[SourceDate "2017.10.13"]
[SourceVersion "1"]
[SourceVersionDate "2017.10.13"]
[SourceQuality "1"]

1. e4 c5 2. Ne2 Nc6 3. d4 cxd4 4. Nxd4 g6 5. Nc3 Bg7 6. Nb3 Nf6 7. Be2 0-0 8. 0-0 d6 9. Re1 a5 10. a4 Nb4 11. Bg5 Be6 12. Nd4 Bd7 13. Bf1 h6 14. Bh4 Rc8 15. Ncb5 g5 16. c3 Nc6 17. Bg3 Qb6 18. Kh1 Ng4 19. f3 Nge5 20. Bf2 Qd8 21. Qb3 Ng6 22. g3 Nce5 23. Rad1 Kh8 24. Bg2 Bxb5 25. Qxb5 Qd7 26. Qxd7 Nxd7 27. Nf5 Nc5 28. Bxc5 Rxc5 29. Bf1 Kh7 30. Bb5 Bf6 31. Ne3 Rd8 32. Nc4 Ne5 33. Nxa5 Rc7 34. f4 gxf4 35. gxf4 Ng4 36. Re2 Bh4 37. Rf1 Rg8 38. Nc4 Rc5 39. Ne3 Nxe3 40. Rxe3 Rg7 41. Rh3 Bf6 42. Rg3 Rh5 43. Kg2 Kg8 44. Rd1 Rc5 45. Kf3 Kf8 46. Rd3 Rh5 47. Kg2 Rc5 48. Rd1 h5 49. Rxg7 Kxg7 50. Kf3 Kf8 51. Rd2 Kg7 52. Rg2+ Kf8 53. Ke3 e6 54. Kd3 h4 55. h3 Rc8 56. Rg4 Ke7 57. Bc4 b6 58. Rg1 Ra8 59. Bb5 Rc8 60. Kc2 Bh8 61. Kb3 Kd8 62. Rg8+ Kc7 63. Be8 Bf6 64. Bxf7 Rxg8 65. Bxg8 Kd7 66. Kc4 Bd8 67. Kb5 Kc7 68. Bxe6 1-0

[Event "POL-ch U14"]
[Site "Suwalki"]
[Date "2015.04.10"]
[Round "4"]
[White "Chylewski, Patryk"]
[Black "Wyczling, Bartosz"]
[Result "1-0"]
[WhiteElo "2036"]
[BlackElo "1926"]
[PlyCount "59"]
[EventDate "2015.04.08"]
[EventType "swiss"]
[EventRounds "9"]
[EventCountry "POL"]
[SourceTitle "EXT 2017"]
[Source "ChessBase"]
[SourceDate "2016.10.25"]
[SourceVersion "1"]
[SourceVersionDate "2016.10.25"]
[SourceQuality "1"]

1. d4 f5 2. g3 Nf6 3. Bg2 g6 4. Nf3 Bg7 5. b3 0-0 6. Bb2 d6 7. 0-0 Nc6 8. d5 Nb4 9. c4 Bd7 10. a3 Na6 11. Nc3 c6 12. Nd4 Rc8 13. Qd2 Qe8 14. e4 Nxe4 15. Nxe4 fxe4 16. Bxe4 Qf7 17. Bg2 Nc5 18. Rae1 Rc7 19. Ba1 cxd5 20. cxd5 Rfc8 21. Qe3 Bf6 22. b4 Na4 23. Ne6 Rc4 24. Qxa7 Bxa1 25. Rxa1 Nb2 26. Bh3 Nd3 27. Qxb7 Ne5 28. f4 R8c7 29. Nxc7 Bxh3 30. fxe5 1-0

[Event "EU-ch rapid"]
[Site "Wroclaw"]
[Date "2014.12.20"]
[Round "1"]
[White "Salgado Lopez, Ivan"]
[Black "Wyczling, Bartosz"]
[Result "1-0"]
[WhiteElo "2622"]
[BlackElo "1762"]
[PlyCount "43"]
[EventDate "2014.12.20"]
[EventType "swiss (rapid)"]
[EventRounds "11"]
[EventCountry "POL"]
[SourceTitle "CBM 164 Extra"]
[Source "ChessBase"]
[SourceDate "2015.03.02"]
[SourceVersion "1"]
[SourceVersionDate "2015.03.02"]
[SourceQuality "1"]

1. e4 c5 2. Nf3 Nc6 3. c3 d5 4. exd5 Qxd5 5. d4 Bg4 6. dxc5 Qxc5 7. Be3 Qa5 8. Be2 Nf6 9. Qb3 Qc7 10. Na3 e6 11. h3 Bh5 12. Nb5 Qb8 13. Nbd4 Be7 14. Bb5 Qc7 15. Ne5 0-0 16. Nexc6 bxc6 17. Nxc6 Nd5 18. Bd4 Bd6 19. 0-0 Nf4 20. Rfe1 a6 21. Ba4 Qa5 22. Nxa5 1-0

[Event "POL-chT U19 2nd League"]
[Site "Szczyrk"]
[Date "2014.07.28"]
[Round "6.2"]
[White "Wyczling, Bartosz"]
[Black "Maj, Kornel"]
[Result "1/2-1/2"]
[WhiteElo "1766"]
[BlackElo "1907"]
[PlyCount "105"]
[EventDate "2014.07.25"]
[EventType "team-swiss"]
[EventRounds "11"]
[EventCountry "POL"]
[SourceTitle "EXT 2015"]
[Source "ChessBase"]
[SourceDate "2014.11.20"]
[SourceVersion "1"]
[SourceVersionDate "2014.11.20"]
[SourceQuality "1"]
[WhiteTeam "Tczew Skoczek U19"]
[BlackTeam "Rydultowy Ognisko U19"]
[WhiteTeamCountry "POL"]
[BlackTeamCountry "POL"]

1. d4 Nf6 2. c4 e6 3. Nc3 Bb4 4. Qc2 c5 5. dxc5 Bxc5 6. Nf3 h6 7. e3 0-0 8. Bd3 Nc6 9. a3 d5 10. cxd5 exd5 11. 0-0 Bg4 12. Be2 Qe7 13. b4 Bb6 14. b5 Ne5 15. Nxe5 Qxe5 16. Bb2 Rac8 17. Bd3 Bc7 18. g3 Qh5 19. Be2 Qh3 20. f3 Bh5 21. Bd3 Qe6 22. Rae1 Qd6 23. Bf5 Rce8 24. Kg2 Bb6 25. Nd1 Nd7 26. Qc3 f6 27. Qd2 Ne5 28. Bd3 Qe6 29. Bd4 Bc7 30. Bc5 Bd6 31. Bxd6 Qxd6 32. a4 Rd8 33. Nb2 g5 34. g4 Bf7 35. Bb1 Ng6 36. Bxg6 Bxg6 37. Rd1 Rf7 38. Qd4 Rc7 39. Rc1 Rdc8 40. Rxc7 Rxc7 41. Rf2 Kg7 42. e4 Qc5 43. Qxd5 Qc1 44. e5 fxe5 45. Qxe5+ Kh7 46. Qd4 b6 47. Nd3 Qd1 48. Qe5 Rc2 49. Qe7+ Kg8 50. Qd8+ Kg7 51. Qe7+ Kg8 52. Qd8+ Kg7 53. Qd4+ 1/2-1/2

[Event "POL-ch qual U13"]
[Site "Jastrzebia Gora"]
[Date "2013.09.28"]
[Round "7.3"]
[White "Garbowski, Jakub"]
[Black "Wyczling, Bartosz"]
[Result "1/2-1/2"]
[WhiteElo "1666"]
[BlackElo "1715"]
[PlyCount "115"]
[EventDate "2013.09.28"]
[EventType "swiss"]
[EventRounds "9"]
[EventCountry "POL"]
[SourceTitle "EXT 2023"]
[Source "ChessBase"]
[SourceDate "2022.10.05"]
[SourceVersion "1"]
[SourceVersionDate "2022.10.05"]
[SourceQuality "1"]

1. e4 c5 2. Nf3 Nc6 3. d4 cxd4 4. Nxd4 Nf6 5. Nc3 e5 6. Ndb5 d6 7. Bg5 a6 8. Na3 b5 9. Nd5 Be7 10. Bxf6 Bxf6 11. c3 Bg5 12. Nc2 0-0 13. a4 bxa4 14. Rxa4 a5 15. Bc4 Rb8 16. b3 Kh8 17. 0-0 f5 18. exf5 Bxf5 19. Qe2 Bg6 20. Nce3 Bxe3 21. Nxe3 e4 22. Ra2 Ne5 23. Qd1 Nd3 24. Bxd3 exd3 25. Nc4 Rb5 26. Nd2 Qf6 27. c4 Rh5 28. h3 Rg5 29. b4 axb4 30. Qa1 Qf5 31. Ra8 h6 32. Rxf8+ Qxf8 33. Qa4 Qf5 34. Qa8+ Kh7 35. Nf3 Rh5 36. Nd4 Qe4 37. Qxe4 Bxe4 38. f3 Bg6 39. Ne6 Re5 40. Nf8+ Kg8 41. Nxg6 Rc5 42. Rd1 Rxc4 43. Rxd3 b3 44. Rxb3 Kf7 45. Nh8+ Ke6 46. Rd3 d5 47. Ng6 Kf6 48. Nf8 Ke7 49. Rxd5 Kxf8 50. Rd7 Rc2 51. Kh2 Kg8 52. Kg3 Kh7 53. Rd6 Ra2 54. f4 Rb2 55. Kf3 Ra2 56. g3 Ra3+ 57. Kg4 Ra5 58. h4 1/2-1/2

[Event "POL-chT3 Pomorskie"]
[Site "Poland"]
[Date "2013.02.03"]
[Round "3.18"]
[White "Wyczling, Bartosz"]
[Black "Albin, Grzegorz"]
[Result "1-0"]
[WhiteElo "1657"]
[BlackElo "1790"]
[PlyCount "86"]
[EventDate "2013.01.13"]
[EventType "team-tourn"]
[EventRounds "9"]
[EventCountry "POL"]
[SourceTitle "EXT 2019"]
[Source "ChessBase"]
[SourceDate "2018.10.10"]
[SourceVersion "1"]
[SourceVersionDate "2018.10.10"]
[SourceQuality "1"]
[WhiteTeam "Tzcew Skoczek"]
[BlackTeam "Sztum"]
[WhiteTeamCountry "POL"]
[BlackTeamCountry "POL"]

1. d4 d5 2. c4 e6 3. Nc3 Nf6 4. cxd5 exd5 5. Bg5 Be7 6. e3 0-0 7. Bd3 c6 8. Nge2 a6 9. 0-0 Bg4 10. Qc2 Nbd7 11. f3 Bh5 12. Nf4 Bg6 13. Bxg6 hxg6 14. Rad1 Nh5 15. Bxe7 Qxe7 16. Rfe1 Nxf4 17. exf4 Qf6 18. Qd2 Rfe8 19. b3 Qh4 20. Na4 Qf6 21. Kh1 Qd6 22. Nb2 f6 23. Nd3 Kf7 24. Qf2 Rh8 25. g3 Rh5 26. Re2 Rah8 27. Qg1 b6 28. b4 g5 29. Rde1 g6 30. a3 Nf8 31. Qe3 Kg8 32. Qg1 Qd7 33. fxg5 Rxg5 34. Nf4 Rh7 35. Qg2 Rf7 36. Ne6 Nxe6 37. Rxe6 Qc7 38. Re8+ Kg7 39. g4 f5 40. Qh3 Rh5 41. gxh5 gxh5 42. Qg3+ Kh6 43. R1e6+ Kh7 1-0